00271nam a2200097Ia 4500008004100000082001500041100002100056245003800077260004500115300001300160191014s9999 xx 000 0 und d a338.5bKOU aA. Koutsoyiannis 0aModern Microeconomics 2nd Edition aPakistanbNational Books Fundationc2006 aXvii,581